LEADER 01086nam0 2200301 450 001 000028526 005 20111206162205.0 100 $a20111206d2008----km-y0itay50------ba 101 0 $aita 102 $aIT 105 $ay-------001yy 200 1 $a<>attuazione dell'articolo 119 della Costituzione$eAssemblea, 18 dicembre 2008$fCNEL, Consiglio nazionale dell'economia e del lavoro 210 $aRoma$cCNEL$d2008 215 $a18, [3] p.$d24 cm 225 2 $aPronunce CNEL$iOsservazioni e proposte$v49 410 0$12001$aPronunce CNEL$iOsservazioni e proposte 500 10$a<>attuazione dell'articolo 119 della Costituzione$941919 610 1 $aEnti locali$aLegislazione$aRiforma tributaria 610 1 $aFederalismo fiscale$aLegislazione italiana 676 $a336.205$v21 676 $a343.45043$v21 676 $a352$v21 710 02$aCNEL$0353588 801 0$aIT$bUNIPARTHENOPE$c20111206$gRICA$2UNIMARC 912 $a000028526 951 $aCNEL/P 331/49$b42569$cNAVA1$d2011 996 $aAttuazione dell'articolo 119 della Costituzione$941919 997 $aUNIPARTHENOPE